| 000 | 00497nam a2200193Ia 4500 | ||
|---|---|---|---|
| 008 | 170918s9999 xx 000 0 und d | ||
| 020 | _a9781598423501 | ||
| 050 | _bR495 2009 | ||
| 100 | _aRice, Ashley | ||
| 245 | _aGirl power : | ||
| 245 | _bPenelope J. Miller's guide to being great / | ||
| 245 | _cby Ashley Rice. | ||
| 260 | _aBoulder, Colorado : | ||
| 260 | _bBlue Mountain Press, | ||
| 260 | _c2009 | ||
| 300 | _a64 pages : | ||
| 300 | _bcolor illustrations ; | ||
| 300 | _c21cm. | ||
| 999 |
_c344100 _d344100 |
||